A report. (Record no. 34464)

MARC details
000 -LEADER
fixed length control field 00971cam a22002531 4500
001 - CONTROL NUMBER
control field hew64000026
003 - CONTROL NUMBER IDENTIFIER
control field DLC
005 - DATE AND TIME OF LATEST TRANSACTION
control field 20260227111513.0
008 - FIXED-LENGTH DATA ELEMENTS--GENERAL INFORMATION
fixed length control field 800527s1963 dcua b f000 0 eng c
010 ## - LIBRARY OF CONGRESS CONTROL NUMBER
LC control number hew64000026
035 ## - SYSTEM CONTROL NUMBER
System control number (OCoLC)6362190
040 ## - CATALOGING SOURCE
Original cataloging agency U.S. Dept. of Health, Education, and Welfare. Library
Transcribing agency ICSU
Modifying agency OCoLC
-- DLC
050 00 - LIBRARY OF CONGRESS CALL NUMBER
Classification number RJ206
Item number .I45 1963c
111 2# - MAIN ENTRY--MEETING NAME
Meeting name or jurisdiction name as entry element Institute on Nutrition Services in Mental Retardation Programs
Date of meeting or treaty signing (1963 :
Location of meeting Cincinnati)
245 02 - TITLE STATEMENT
Title A report.
260 ## - PUBLICATION, DISTRIBUTION, ETC.
Place of publication, distribution, etc. [Washington]
Name of publisher, distributor, etc. U.S. Dept. of Health, Education, and Welfare, Welfare Administration, Children's Bureau,
Date of publication, distribution, etc. 1963.
300 ## - PHYSICAL DESCRIPTION
Extent 119 p.
Other physical details diagrs., tables.
Dimensions 26 cm.
500 ## - GENERAL NOTE
General note "Sponsored by Ohio Department of Health [and others]"
504 ## - BIBLIOGRAPHY, ETC. NOTE
Bibliography, etc. note Includes bibliographies.
650 #0 - SUBJECT ADDED ENTRY--TOPICAL TERM
Topical term or geographic name entry element Children with mental disabilities
Form subdivision Congresses.
650 #0 - SUBJECT ADDED ENTRY--TOPICAL TERM
Topical term or geographic name entry element Nutrition
Form subdivision Congresses.
710 1# - ADDED ENTRY--CORPORATE NAME
Corporate name or jurisdiction name as entry element United States.
Subordinate unit Children's Bureau.
710 1# - ADDED ENTRY--CORPORATE NAME
Corporate name or jurisdiction name as entry element Ohio.
Subordinate unit Department of Health.

No items available.

Powered by Koha